Judicial Review of Administrative Action in South Africa / (Record no. 887)

MARC details
000 -LEADER
fixed length control field 00563nam a22001817a 4500
005 - DATE AND TIME OF INPUT
control field 20231123103716.0
008 - DATA ELEMENTS--GENERAL INFORMATION
fixed length control field 231123b |||||||| |||| 00| 0 eng d
020 ## - INTERNATIONAL STANDARD BOOK NUMBER
International Standard Book Number 0409015342
041 ## - LANGUAGE CODE
Language code of text English
082 ## - SHELF NUMBER
DDC number 342 DEV
100 ## - MAIN AUTHOR
Main author's name de Ville, JR
Language of a work English
245 ## - TITLE STATEMENT
Title Judicial Review of Administrative Action in South Africa /
Statement of responsibility, etc. JR de Ville
250 ## - EDITION STATEMENT
Edition statement First Edition
260 ## - PUBLICATION, DISTRIBUTION, ETC.
Place of publication, distribution, etc. Durban :
Name of publisher, distributor, etc. LexisNexis Butterworths,
Date of publication, distribution, etc. 2005
300 ## - PHYSICAL DESCRIPTION
Other physical details xiv, 587 pages ;
Dimensions 25 cm.
650 ## - SUBJECT`
Broad subject Legal practice
Own subject terms Law
942 ## - ADDED ENTRY ELEMENTS (KOHA)
Item type Books
942 ## - ADDED ENTRY ELEMENTS (KOHA)
-- ALISON_BN_VRIES
Holdings
Source of classification or shelving scheme Not for loan Collection code Home library Current library Shelving location Date acquired Full call number Barcode Price effective from Koha item type
Dewey Decimal Classification   TEXT BOOKS LAW SOCIETY OF NAMIBIA LIBRARY - WINDHOEK LAW SOCIETY OF NAMIBIA LIBRARY - WINDHOEK Constitutional and administrative law 11/23/2023 342 DEV LSN/2018/17 11/23/2023 Books